Excuse me Your Rejection is showing / (Record no. 3693)

MARC details
000 -LEADER
fixed length control field 00516nam a2200181Ia 4500
003 - CONTROL NUMBER IDENTIFIER
control field GBCCL
005 - DATE AND TIME OF LATEST TRANSACTION
control field 20241126110501.0
008 - FIXED-LENGTH DATA ELEMENTS--GENERAL INFORMATION
fixed length control field 171201b xxu||||| |||| 00| 0 eng d
020 ## - INTERNATIONAL STANDARD BOOK NUMBER
International Standard Book Number 1 85240 110 9
040 ## - CATALOGING SOURCE
Transcribing agency gbc
082 ## - DEWEY DECIMAL CLASSIFICATION NUMBER
Classification number 248.86
Item number GIB
100 ## - MAIN ENTRY--PERSONAL NAME
Personal name Gibson, Phyl
9 (RLIN) 7315
245 ## - TITLE STATEMENT
Title Excuse me Your Rejection is showing /
Statement of responsibility, etc. Noel & Phyl Gibson
260 ## - PUBLICATION, DISTRIBUTION, ETC.
Name of publisher, distributor, etc. Sovereign World,
Place of publication, distribution, etc. England:
Date of publication, distribution, etc. 1997
300 ## - PHYSICAL DESCRIPTION
Extent 256p.;
Other physical details ill.,
Dimensions 20 cm.
650 ## - SUBJECT ADDED ENTRY--TOPICAL TERM
Topical term or geographic name entry element Rejection
Form subdivision Religious Aspects
General subdivision Christianity
9 (RLIN) 7316
942 ## - ADDED ENTRY ELEMENTS (KOHA)
Source of classification or shelving scheme Dewey Decimal Classification
Koha item type Books
Holdings
Withdrawn status Lost status Source of classification or shelving scheme Damaged status Not for loan Home library Current Library Shelving location Date acquired Total checkouts Full call number Barcode Date last seen Copy number Price effective from Koha item type
    Dewey Decimal Classification     GRACE BIBLE COLLEGE GRACE BIBLE COLLEGE Ministry & Mission 2017-12-01   248.86 GIB 008116 2025-05-01 c.1 2024-11-26 Books
    Dewey Decimal Classification     GRACE BIBLE COLLEGE GRACE BIBLE COLLEGE Ministry & Mission 2017-12-01   248.86 GIB 008120 2025-05-01 c.2 2024-11-26 Books
    Dewey Decimal Classification     GRACE BIBLE COLLEGE GRACE BIBLE COLLEGE Ministry & Mission 2018-02-28   248.86 GIB 008131 2025-05-01 c.3 2018-02-28 Books
    Dewey Decimal Classification     GRACE BIBLE COLLEGE GRACE BIBLE COLLEGE Ministry & Mission 2018-02-28   248.86 GIB 008132 2025-05-01 c.4 2018-02-28 Books
    Dewey Decimal Classification     GRACE BIBLE COLLEGE GRACE BIBLE COLLEGE Ministry & Mission 2018-02-28   248.86 GIB 008160 2025-05-01 c.5 2018-02-28 Books
© Grace Bible College Library 2025